Régimen para erradicar la violencia laboral en el ámbito público de la ciudad de Buenos Aires (Registro nro. 27286)

Detalles MARC
000 -LEADER
fixed length control field 00400 a2200109 4500
001 - CONTROL NUMBER
control field ART_21415
005 - DATE AND TIME OF LATEST TRANSACTION
control field 20260410161916.0
008 - FIXED-LENGTH DATA ELEMENTS--GENERAL INFORMATION
fixed length control field 260409a
100 1# - MAIN ENTRY--PERSONAL NAME
Personal name Ramos, Santiago J.
245 10 - TITLE STATEMENT
Title Régimen para erradicar la violencia laboral en el ámbito público de la ciudad de Buenos Aires
773 0# - HOST ITEM ENTRY
Title Revista de Derecho laboral y seguridad social
Related parts - Nº 9 (mayo 2013)
Record control number REV13556

No hay ítems disponibles.